000 00819nam a22001937a 4500
999 _c60853
_d60853
005 20231110115725.0
008 231110s2001 ru ||||| |||| 00| 0 rus d
020 _a5040083491
041 _arus
080 _a141.398.8 Л-36
100 _aЛеви-Стросс Клод
_920318
245 _aСтруктурная антропология /
_cЛеви-Стросс Клод; Перевод с французского Вяч. Вс. Иванова.
264 _aМ.:
_bИзд-во ЭКСМО-Пресс,
_c2001.
300 _a512 стр.:
_bил.;
_c22 см.
440 _aПсихология без границ
_920319
653 _aსტრუქტურული ანთროპოლოგია
700 _aИванов, В. В.
_eმთარგმნელი
_920320
942 _2udc
_cᲬᲘᲒᲜᲘ